indegenous people: (Record no. 1310941)

MARC details
000 -LEADER
fixed length control field 01109nam#a2200337#a#4500
001 - CONTROL NUMBER
control field vtls001877556
003 - CONTROL NUMBER IDENTIFIER
control field NLI
005 - DATE AND TIME OF LATEST TRANSACTION
control field 20210629105755.0
008 - FIXED-LENGTH DATA ELEMENTS--GENERAL INFORMATION
fixed length control field 150828s2009 ii f100 0 eng
020 ## - INTERNATIONAL STANDARD BOOK NUMBER
International Standard Book Number 8173421846 (pbk.)
Terms of availability 130.00
039 #9 - LEVEL OF BIBLIOGRAPHIC CONTROL AND CODING DETAIL [OBSOLETE]
-- 201508281128
-- swapankp
040 ## - CATALOGING SOURCE
Original cataloging agency NLI
Language of cataloging eng
041 0# - LANGUAGE CODE
Language code of text/sound track or separate title eng
044 ## - COUNTRY OF PUBLISHING/PRODUCING ENTITY CODE
MARC country code ii
082 04 - DEWEY DECIMAL CLASSIFICATION NUMBER
Classification number 301.3
Edition number 22
100 1# - MAIN ENTRY--PERSONAL NAME
Personal name Khubchandani, Lachman M.
9 (RLIN) 1235852
245 10 - TITLE STATEMENT
Title indegenous people:
Remainder of title responding to human ecology /
Statement of responsibility, etc. Lachman M. Khubchandani
260 ## - PUBLICATION, DISTRIBUTION, ETC.
Place of publication, distribution, etc. Vadodara :
Name of publisher, distributor, etc. Bhasha Research & Pub.,
Date of publication, distribution, etc. 2009
300 ## - PHYSICAL DESCRIPTION
Extent 130 p. ;
Dimensions 22 cm.
500 ## - GENERAL NOTE
General note Central Institute of Indian Languages
504 ## - BIBLIOGRAPHY, ETC. NOTE
Bibliography, etc. note Includes bibliographical references
650 #0 - SUBJECT ADDED ENTRY--TOPICAL TERM
Topical term or geographic name entry element Human ecology
9 (RLIN) 679511
650 #0 - SUBJECT ADDED ENTRY--TOPICAL TERM
Topical term or geographic name entry element Sociology
9 (RLIN) 677582
887 ## - NON-MARC INFORMATION FIELD
Content of non-MARC field Swapan Kumar Pailan
901 ## - LOCAL DATA ELEMENT A, LDA (RLIN)
a DB140393 :
b 2.05.13
902 ## - LOCAL DATA ELEMENT B, LDB (RLIN)
a E 301.3 K 529
904 ## - LOCAL DATA ELEMENT D, LDD (RLIN)
a Swapan Kumar Pailan
949 ## - LOCAL PROCESSING INFORMATION (OCLC)
-- VIRTUAITEM
-- 10000
-- 100
6 DBA000140393ENG
942 ## - ADDED ENTRY ELEMENTS (KOHA)
Source of classification or shelving scheme Dewey Decimal Classification
Koha item type Books
Holdings
Withdrawn status Lost status Damaged status Not for loan Collection code Home library Current library Shelving location Date acquired Total Checkouts Full call number Barcode Date last seen Cost, replacement price Price effective from Koha item type
        New English National Library of India National Library of India New English - Main Stack Division     E 301.3 K 529 DBA000140393ENG 29/06/2021 130.00 29/06/2021 Books
                                                                           
web counter

Copyright ©2020 The National Library of India, Govt. of India ↔ Hosted by NVLI, MOC ↔ Technology and Design by National Library of India, Ministry of Culture, Govt. of India